| 000 | 00425nam a2200133Ia 4500 | ||
|---|---|---|---|
| 008 | 220204s9999 xx 000 0 und d | ||
| 082 |
_aNR:631.584 _bSIJ |
||
| 100 | _aGeorge, Radha | ||
| 245 | 0 | _aIntercropping in the immature phase of natural rubber cultivation: Emerging trends and policy challenges | |
| 260 |
_aKottayam _bRubber Research Institute of India;2015 |
||
| 300 | _a23p. | ||
| 700 | _aLakshmanan | ||
| 942 | _cBK | ||
| 999 |
_c44880 _d44880 |
||